Automatizované zpracování informací pro řízení podniku

Gespeichert in:
Bibliographische Detailangaben
1. Verfasser: Horský, Miroslav
Weitere Verfasser: Ehleman, Jan, Laitl, Jan
Format: Buch
Sprache:Tschechisch
Veröffentlicht: Praha Státní nakladatelství technické literatury 1982
Tags: Tag hinzufügen
Keine Tags, Fügen Sie das erste Tag hinzu!

MARC

LEADER 00000nam a2200000 4500
001 c128611
005 20041019155244.0
041 0 |a cze 
044 |a CZ 
245 1 0 |a Automatizované zpracování informací pro řízení podniku  |c Miroslav Horský, Ján Ehleman, Ján Laitl 
264 1 |a Praha  |b Státní nakladatelství technické literatury  |c 1982 
300 |a 152 s. 
100 1 |a Horský, Miroslav 
700 1 |a Ehleman, Jan 
700 1 |a Laitl, Jan